UBT Library

The official guide to the MCAT exam. (Record no. 42462)

000 -LEADER
fixed length control field 01114cas a2200313 a 4500
001 - CONTROL NUMBER
control field 15738887
005 - DATE AND TIME OF LATEST TRANSACTION
control field 20180214034731.0
008 - FIXED-LENGTH DATA ELEMENTS--GENERAL INFORMATION
fixed length control field 090514c200u9999dcuuu | a0eng
010 ## - LIBRARY OF CONGRESS CONTROL NUMBER
LC control number 2009204665
022 0# - INTERNATIONAL STANDARD SERIAL NUMBER
International Standard Serial Number 2150-6612
Source 1
035 ## - SYSTEM CONTROL NUMBER
System control number (OCoLC)ocn427651044
037 ## - SOURCE OF ACQUISITION
Source of stock number/acquisition Association of American Medical Colleges, 2450 N Street, N.W., Washington, D.C. 20037-1127
040 ## - CATALOGING SOURCE
Original cataloging agency DLC
Language of cataloging eng
Transcribing agency DLC
Modifying agency DLC
-- OCLCQ
-- OCLCO
-- OCLCF
-- OCLCO
-- WAU
041 ## - LANGUAGE CODE
Language code of text/sound track or separate title eng
042 ## - AUTHENTICATION CODE
Authentication code pcc
-- nsdp
043 ## - GEOGRAPHIC AREA CODE
Geographic area code n-us---
080 ## - UNIVERSAL DECIMAL CLASSIFICATION NUMBER
Universal Decimal Classification number 610.76 JAM
082 10 - DEWEY DECIMAL CLASSIFICATION NUMBER
Classification number 610.76 JAM
Edition number 14
100 ## - Rafti
Rafti 3
101 ## - Shkurtesa
Shkurtesa SHM
210 0# - ABBREVIATED TITLE
Abbreviated title Off. guide MCAT exam
222 #4 - KEY TITLE
Key title The official guide to the MCAT exam
245 04 - TITLE STATEMENT
Title The official guide to the MCAT exam.
246 13 - VARYING FORM OF TITLE
Title proper/short title Official guide to the Medical College Admission Test exam
906 ## - LOCAL DATA ELEMENT F, LDF (RLIN)
a 7
b cbc
c serials
d 2
e ncip
f 20
g n-oclcserc
942 ## - ADDED ENTRY ELEMENTS (KOHA)
Source of classification or shelving scheme
Item type Books
Holdings
Withdrawn status Lost status Source of classification or shelving scheme Damaged status Not for loan Collection code Permanent location Current location Shelving location Date acquired Total Checkouts Full call number Barcode Date last seen Price effective from Koha item type
          Koleksioni i përgjithshem UBT - Lipjan UBT - Lipjan Koleksioni i përgjithshem 02/14/2018   610.76 JAM 002-2998144 02/14/2018 02/14/2018 Books
UBT Library © 2015-2024. All rights reserved University Education for Business and Technology